000 00699cam a2200229 a 4500
001 000018422
005 20200929165513.0
008 760820s1981 cr 000 f spa d
035 _a(DLC) 76473977
040 _aDO-SdBNP
_cDLC
_dDLC
082 _aCa863.44
_bC111f, 1981
100 1 _aCañas, Alberto F.
_924579
245 1 0 _aFeliz año, Cháves Cháves /
_cAlberto Francisco Cañas Escalante.
260 _aSan José :
_bCosta Rica,
_c1981.
300 _a161 p. ;
_c18 cm.
490 1 _aColibrí
650 4 _aNovela costarricense
_911840
650 4 _aLiteratura costarricense
_ySIGLO XX
_922789
830 0 _aColibrí ;
_923856
910 _aCatalogación por derivada / LC
049 _aBNGR
999 _c17943
_d17943